Personal safety and social responsibilities (Model Course 1.21) (Record no. 214)

000 -LEADER
fixed length control field 00488 a2200157 4500
008 - FIXED-LENGTH DATA ELEMENTS--GENERAL INFORMATION
fixed length control field 220330b ||||| |||| 00| 0 eng d
020 ## - INTERNATIONAL STANDARD BOOK NUMBER
International Standard Book Number 9789280116496
082 00 - DEWEY DECIMAL CLASSIFICATION NUMBER
Classification number 623.888
Item number I339
110 ## - MAIN ENTRY--CORPORATE NAME
9 (RLIN) 76
Corporate name or jurisdiction name as entry element International Maritime Organization
245 ## - TITLE STATEMENT
Title Personal safety and social responsibilities (Model Course 1.21)
260 ## - PUBLICATION, DISTRIBUTION, ETC. (IMPRINT)
Place of publication, distribution, etc London:
Name of publisher, distributor, etc International Maritime Organization,
Date of publication, distribution, etc 2016.
300 ## - PHYSICAL DESCRIPTION
Extent v, 74 p.
490 0# - SERIES STATEMENT
Series statement Model Course;
Volume number/sequential designation 1.21
650 #0 - SUBJECT ADDED ENTRY--TOPICAL TERM
Topical term or geographic name as entry element Merchant Marine
942 ## - ADDED ENTRY ELEMENTS (KOHA)
Source of classification or shelving scheme
Item type Books
Holdings
Withdrawn status Lost status Source of classification or shelving scheme Damaged status Not for loan Permanent location Current location Date acquired Source of acquisition Cost, normal purchase price Full call number Barcode Date last seen Cost, replacement price Koha item type Total Checkouts Date last borrowed
          IMU Kolkata IMU Kolkata 2019-09-16 Sterling Book House 2445.77 623.888 I339 13158 2019-09-16 2717.53 Books    
          IMU Kolkata IMU Kolkata 2000-08-16 Jyoti, the Book People   623.888 I339 09281 2023-02-27 1023.84 Books 1 2022-09-15
Designed and Maintained by IMU-KC Library, Kolkata Campus © Copyright All Rights Reserved

webs counters

Powered by Koha